Wireless communication / (Record no. 189450)
[ view plain ]
| 000 -LEADER | |
|---|---|
| fixed length control field | 01754 a2200253 4500 |
| 003 - CONTROL NUMBER IDENTIFIER | |
| control field | Nust |
| 005 - DATE AND TIME OF LATEST TRANSACTION | |
| control field | 20170207153619.0 |
| 010 ## - LIBRARY OF CONGRESS CONTROL NUMBER | |
| LC control number | 2010483357 |
| 020 ## - INTERNATIONAL STANDARD BOOK NUMBER | |
| International Standard Book Number | 0198060661 |
| 020 ## - INTERNATIONAL STANDARD BOOK NUMBER | |
| International Standard Book Number | 0918060661 |
| 040 ## - CATALOGING SOURCE | |
| Transcribing agency | Nust |
| 082 ## - DEWEY DECIMAL CLASSIFICATION NUMBER | |
| Classification number | 621.382 |
| 100 1# - MAIN ENTRY--PERSONAL NAME | |
| Personal name | Dalal, Upena. |
| 245 10 - TITLE STATEMENT | |
| Title | Wireless communication / |
| Statement of responsibility, etc. | Upena Dalal. |
| 260 ## - PUBLICATION, DISTRIBUTION, ETC. | |
| Place of publication, distribution, etc. | New Delhi : |
| Name of publisher, distributor, etc. | Oxford University Press, |
| Date of publication, distribution, etc. | 2009. |
| 300 ## - PHYSICAL DESCRIPTION | |
| Extent | xvi, 772 p. : |
| Other physical details | ill. ; |
| Dimensions | 25 cm. |
| 490 0# - SERIES STATEMENT | |
| Series statement | Oxford higher education |
| 505 ## - FORMATTED CONTENTS NOTE | |
| Formatted contents note | Present Scenario in Wireless Communication (Page-1) Fundamentals of Wireless Digital Communication (Page-19) Source Coding Techniques (Page-78) Channel Coding Techniques (Page-144) Radio Propagation over Wireless Channel (Page-197)Channel Models Diversity Equalization and Channel Estimation Techniques (Page-260) Signal Carrier Digital Modulation Techniques (Page-293) Wideband Modulation Techniques (Page-322) Wideband Modulation Techniques (Page-365) Multiplexing and Multiple user Access Techniques (Page-419) Infrastructure to Develop Mobile Communication Systems Cellular Theory (Page-448) Wireless Communication Systems and Standards (Page-485)Wireless Communication Systems and Standards (Page-510) Wireless Communication Systems and Standards 3(Page-591)MIMO Systems (Page-636) Simulation of Communication Systems and Software –Defined Radio(Page-673) |
| 538 ## - SYSTEM DETAILS NOTE | |
| System details note | Almirah No.39and Shelf No.4 |
| 650 #0 - SUBJECT ADDED ENTRY--TOPICAL TERM | |
| Topical term or geographic name entry element | Wireless communication systems. |
| 856 42 - ELECTRONIC LOCATION AND ACCESS | |
| Materials specified | Contributor biographical information |
| Uniform Resource Identifier | <a href="http://www.loc.gov/catdir/enhancements/fy1012/2010483357-b.html">http://www.loc.gov/catdir/enhancements/fy1012/2010483357-b.html</a> |
| 856 42 - ELECTRONIC LOCATION AND ACCESS | |
| Materials specified | Publisher description |
| Uniform Resource Identifier | <a href="http://www.loc.gov/catdir/enhancements/fy1012/2010483357-d.html">http://www.loc.gov/catdir/enhancements/fy1012/2010483357-d.html</a> |
| 856 42 - ELECTRONIC LOCATION AND ACCESS | |
| Materials specified | Table of contents only |
| Uniform Resource Identifier | <a href="http://www.loc.gov/catdir/enhancements/fy1012/2010483357-t.html">http://www.loc.gov/catdir/enhancements/fy1012/2010483357-t.html</a> |
| 942 ## - ADDED ENTRY ELEMENTS (KOHA) | |
| Source of classification or shelving scheme | |
| Koha item type | Book |
| Withdrawn status | Lost status | Source of classification or shelving scheme | Damaged status | Not for loan | Collection code | Permanent Location | Current Location | Date acquired | Total Checkouts | Full call number | Barcode | Date last seen | Price effective from | Koha item type |
|---|---|---|---|---|---|---|---|---|---|---|---|---|---|---|
| Military College of Signals (MCS) | Military College of Signals (MCS) | 12/12/2016 | 621.382.DAL | MCS35111 | 12/08/2016 | 12/12/2016 | Book |
